Biofyzika : Učebnice pro lekářske fakulty

Uložené v:
Podrobná bibliografia
Médium: Kniha
Jazyk:Slovak
Vydavateľské údaje: Praha : Avicenum, 1983
Tagy: Pridať tag
Žiadne tagy, Buďte prvý, kto otaguje tento záznam!

MARC

LEADER 00000nam a22000003a 4500
001 stu123780
005 20150408182252.6
008 060721s1983----cs------------------slo-d
040 |a STU  |b slo 
041 0 |a slo 
044 |a cs 
080 |a 577.3  |7 stu_us_auth*stu7323 
245 |a Biofyzika :  |b Učebnice pro lekářske fakulty 
260 |a Praha :  |b Avicenum,  |c 1983 
300 |a 362 s 
996 |b E57099  |c E*57099  |l EE08  |s P  |a 0  |w stu123780_0001